The Isn't Quiz - Statistics

General Stats
  • This quiz has been taken 749 times
  • The average score is 8 of 14
Answer Stats
Hint Answer % Correct
Isn't a vegetable: Tomato
93%
Isn't a planet: Pluto
85%
Isn't USSR: Russia
80%
Isn't Holland: The Netherlands
69%
Isn't a fish: Whale
66%
Isn't a berry: Strawberry
64%
Isn't a turtle: Tortoise
62%
Isn't a rabbit: Hare
60%
Isn't an insect: Spider
54%
Isn't a bear: Koala
49%
Isn't Frankenstein Frankenstein's Monster
45%
Isn't an apple: Pineapple
38%
Isn't Zaire: The Democratic Republic of the Congo
31%
Isn't Hercules: Heracles
20%
No matching quizzes found
Score Distribution
Percent of People with Each Score
Percentile by Number Answered
Your Score History
You have not taken this quiz